<?xml version="1.0" encoding="UTF-8"?>
<collection xmlns="http://www.loc.gov/MARC21/slim">
<record>
  <controlfield tag="001">131994</controlfield>
  <controlfield tag="005">20240308105336.0</controlfield>
  <datafield tag="024" ind1="7" ind2=" ">
    <subfield code="2">doi</subfield>
    <subfield code="a">10.26754/CINAIC.2023.0088</subfield>
  </datafield>
  <datafield tag="037" ind1=" " ind2=" ">
    <subfield code="a">COMPON-2023-CINAIC-0088</subfield>
  </datafield>
  <datafield tag="041" ind1=" " ind2=" ">
    <subfield code="a"></subfield>
  </datafield>
  <datafield tag="100" ind1=" " ind2=" ">
    <subfield code="a">Pérez Nombela,  Soraya</subfield>
    <subfield code="u">Universidad de Castilla-La Mancha, España</subfield>
  </datafield>
  <datafield tag="245" ind1=" " ind2=" ">
    <subfield code="a">Actividad de aprendizaje e integración transversal de las asignaturas de primer curso de Fisioterapia</subfield>
  </datafield>
  <datafield tag="260" ind1=" " ind2=" ">
    <subfield code="a">Zaragoza</subfield>
    <subfield code="b">Universidad de Zaragoza, Servicio de Publicaciones</subfield>
    <subfield code="c">2023</subfield>
  </datafield>
  <datafield tag="300" ind1=" " ind2=" ">
    <subfield code="e"></subfield>
  </datafield>
  <datafield tag="520" ind1="3" ind2=" ">
    <subfield code="a">El objetivo principal de este estudio fue la elaboración e implementación de una actividad transversal para la mejora de la coordinación de asignaturas e integración de competencias, en los alumnos de primer curso de Grado en Fisioterapia de la UCLM. Para ello se crearon dos grupos de estudiantes: un grupo de intervención que realizó la actividad de integración propuesta, y un grupo control que siguió la metodología tradicional. No se encontraron diferencias estadísticamente significativas con respecto a los resultados académicos, ni a la satisfacción global de los estudiantes entre ambos grupos. No obstante, se ha observado una mayor motivación en los estudiantes pertenecientes al grupo experimental. Se proponen mejoras en la metodología empleada, estrategias óptimas para tareas grupales equitativas, e incentivar al estudiante sobre la importancia de la integración de conocimientos.</subfield>
  </datafield>
  <datafield tag="506" ind1=" " ind2=" ">
    <subfield code="a">Access copy available to the general public</subfield>
    <subfield code="f">Unrestricted</subfield>
  </datafield>
  <datafield tag="540" ind1=" " ind2=" ">
    <subfield code="9">info:eu-repo/semantics/openAccess</subfield>
    <subfield code="a">by-nc-nd</subfield>
    <subfield code="u">http://creativecommons.org/licenses/by-nc-nd/3.0/es/</subfield>
  </datafield>
  <datafield tag="653" ind1="1" ind2=" ">
    <subfield code="a">innovación educativa, integración de conocimientos, aprendizaje transversal.  </subfield>
  </datafield>
  <datafield tag="653" ind1="1" ind2=" ">
    <subfield code="a">educational innovation, knowledge integration, cross-curricular learning.  </subfield>
  </datafield>
  <datafield tag="655" ind1=" " ind2="4">
    <subfield code="a">Comunicación</subfield>
  </datafield>
  <datafield tag="700" ind1=" " ind2=" ">
    <subfield code="a">Agulló Ortuño,  Mª Teresa</subfield>
    <subfield code="u">Universidad de Castilla-La Mancha, España</subfield>
  </datafield>
  <datafield tag="700" ind1=" " ind2=" ">
    <subfield code="a">Lirio Romero,  Cristina</subfield>
    <subfield code="u">Universidad de Castilla-La Mancha, España</subfield>
  </datafield>
  <datafield tag="700" ind1=" " ind2=" ">
    <subfield code="a">Prieto Gómez,  Virginia</subfield>
    <subfield code="u">Universidad de Castilla-La Mancha, España</subfield>
  </datafield>
  <datafield tag="700" ind1=" " ind2=" ">
    <subfield code="a">Arranz Martín,  Beatriz</subfield>
    <subfield code="u">Universidad de Castilla-La Mancha, España</subfield>
  </datafield>
  <datafield tag="700" ind1=" " ind2=" ">
    <subfield code="a">Bravo Esteban,  Elisabeth</subfield>
    <subfield code="u">Universidad de Castilla-La Mancha, España</subfield>
  </datafield>
  <datafield tag="700" ind1=" " ind2=" ">
    <subfield code="a">Arroyo Fernández,  Rubén</subfield>
    <subfield code="u">Universidad de Castilla-La Mancha, España</subfield>
  </datafield>
  <datafield tag="700" ind1=" " ind2=" ">
    <subfield code="a">Torres Martín</subfield>
    <subfield code="u">Universidad de Castilla-La Mancha, España</subfield>
  </datafield>
  <datafield tag="700" ind1=" " ind2=" ">
    <subfield code="a">Palomo Carrión</subfield>
    <subfield code="u">Universidad de Castilla-La Mancha, España</subfield>
  </datafield>
  <datafield tag="700" ind1=" " ind2=" ">
    <subfield code="a">Martínez Galán,  Inés</subfield>
    <subfield code="u">Universidad de Castilla-La Mancha, España</subfield>
  </datafield>
  <datafield tag="773" ind1=" " ind2=" ">
    <subfield code="d">Zaragoza</subfield>
    <subfield code="g">Actas del VII Congreso Internacional sobre Aprendizaje, Innovación y Cooperación, CINAIC 2023 (18-20 de Octubre de 2023, Madrid, España)



</subfield>
  </datafield>
  <datafield tag="856" ind1="4" ind2=" ">
    <subfield code="s">864102</subfield>
    <subfield code="u">http://zaguan.unizar.es/record/131994/files/088.pdf</subfield>
  </datafield>
  <datafield tag="909" ind1="C" ind2="O">
    <subfield code="o">oai:zaguan.unizar.es:131994</subfield>
    <subfield code="p">comunicaciones-ponencias</subfield>
  </datafield>
  <datafield tag="970" ind1=" " ind2=" ">
    <subfield code="a">COMPON-2023-CINAIC-0088</subfield>
  </datafield>
  <datafield tag="980" ind1=" " ind2=" ">
    <subfield code="a">COMPON</subfield>
  </datafield>
</record>
</collection>